000 00379nam a2200157Ia 4500
008 210210b1991 xxu||||| |||| 00| 0 eng d
082 _a512 KHAM
100 _aKHANNA (M L).
245 _aModern algebra. Ed.10
250 _a
260 _aMeerut
_bJai Prakash Nath & Co
_c1991
300 _axxii,378,xxviii
650 _aModern algebra
690 _aAlgebra
906 _a045136
999 _c94265
_d94265